Chordate embryology : (Record no. 69360)
[ view plain ]
| 000 -LEADER | |
|---|---|
| fixed length control field | 00802nam a22002657a 4500 |
| 001 - CONTROL NUMBER | |
| control field | 69360 |
| 003 - CONTROL NUMBER IDENTIFIER | |
| rucl marc code | BD-RjUL |
| 005 - DATE AND TIME OF LATEST TRANSACTION | |
| control field | 20211209081857.0 |
| 008 - FIXED-LENGTH DATA ELEMENTS--GENERAL INFORMATION | |
| fixed length control field | 170411b xxu||||| |||| 00| 0 eng d |
| 020 ## - INTERNATIONAL STANDARD BOOK NUMBER | |
| International Standard Book Number | 8121902614 |
| 035 ## - SYSTEM CONTROL NUMBER | |
| System control number | (BD-RjUL)69571 |
| 040 ## - CATALOGING SOURCE | |
| Original cataloging agency | BD-RjUL |
| Language of cataloging | eng |
| Transcribing agency | BD-RjUL |
| 041 ## - LANGUAGE CODE | |
| Language code of text/sound track or separate title | eng |
| 082 ## - DEWEY DECIMAL CLASSIFICATION NUMBER | |
| Edition number | 23 |
| Classification number | 571.86 |
| Author mark and year | VEC 1995 |
| 100 ## - MAIN ENTRY--PERSONAL NAME | |
| Personal name | Verma, P S |
| 9 (RLIN) | 202950 |
| 245 ## - TITLE STATEMENT | |
| Title | Chordate embryology : |
| Remainder of title | development biology of nonchordates and chordates / |
| Statement of responsibility, etc. | P S Verma and V K Agarwal |
| 250 ## - EDITION STATEMENT | |
| Edition statement | 10th Rev. and aenl. ed. |
| 260 ## - PUBLICATION, DISTRIBUTION, ETC. (IMPRINT) | |
| Place of publication, distribution, etc. | New Delhi : |
| Name of publisher, distributor, etc. | S. Chand, |
| Date of publication, distribution, etc. | ©1995. |
| 300 ## - PHYSICAL DESCRIPTION | |
| Pagination | xvi, 667 p. : |
| Illustrations | ill. ; |
| Size | 15 cm. |
| 500 ## - GENERAL NOTE | |
| General note | Includes index. |
| 650 ## - SUBJECT ADDED ENTRY--TOPICAL TERM | |
| Topical term or geographic name as entry element | Embryology. |
| 9 (RLIN) | 205487 |
| Topical term or geographic name as entry element | Developmental biology. |
| 9 (RLIN) | 205488 |
| 700 ## - ADDED ENTRY--PERSONAL NAME | |
| Personal name | Agarwal, V K |
| 942 ## - ADDED ENTRY ELEMENTS (KOHA) | |
| Source of classification or shelving scheme | Dewey Decimal Classification |
| Koha item type | Books |
| Lost status | Source of classification or shelving scheme | Damaged status | Not for loan | Collection code | Permanent Location | Current Location | Shelving location | Date acquired | Source of acquisition | Cost, normal purchase price | Total Checkouts | Full call number | Date last seen | Copy number | Koha item type |
|---|---|---|---|---|---|---|---|---|---|---|---|---|---|---|---|
| Dewey Decimal Classification | Not For Loan | Non-fiction | Central Library, University of Rajshahi | Central Library, University of Rajshahi | Reading Room | 15/05/1996 | book, view | 165.00 | 571.86 VEC 1995 | 11/04/2017 | C-1 | Books |